Armageddon in the Middle East. (Record no. 4030)

000 -LEADER
fixed length control field 00646cam a2200229 4500
003 - CONTROL NUMBER IDENTIFIER
control field OSt
005 - DATE AND TIME OF LATEST TRANSACTION
control field 20220317072237.0
008 - FIXED-LENGTH DATA ELEMENTS--GENERAL INFORMATION
fixed length control field 730816s1974 nyu b 001 0 eng
020 ## - INTERNATIONAL STANDARD BOOK NUMBER
International Standard Book Number 0381982513
040 ## - CATALOGING SOURCE
Transcribing agency DLC
043 ## - GEOGRAPHIC AREA CODE
Geographic area code aw-----
-- ma-----
-- a-is---
050 00 - LIBRARY OF CONGRESS CALL NUMBER
Classification number DS119.7
Item number .S379 1974
100 1# - MAIN ENTRY--PERSONAL NAME
Personal name Schmidt, Dana Adams,
Dates associated with a name 1915-1994.
245 10 - TITLE STATEMENT
Title Armageddon in the Middle East.
260 ## - PUBLICATION, DISTRIBUTION, ETC.
Place of publication, distribution, etc. New York,
Name of publisher, distributor, etc. John Day Co.
Date of publication, distribution, etc. [1974]
300 ## - PHYSICAL DESCRIPTION
Extent 269 p.
Dimensions 21 cm.
350 ## - PRICE (NR) (BK AM CF MU VM SE) [OBSOLETE]
Price $8.95
504 ## - BIBLIOGRAPHY, ETC. NOTE
Bibliography, etc. note Includes bibliographical references.
650 #0 - SUBJECT ADDED ENTRY--TOPICAL TERM
Topical term or geographic name entry element Jewish-Arab relations.
906 ## - LOCAL DATA ELEMENT F, LDF (RLIN)
a 7
b cbc
c orignew
d 1
e ocip
f 19
g y-gencatlg
942 ## - ADDED ENTRY ELEMENTS (KOHA)
Source of classification or shelving scheme
Koha item type Book
Holdings
Withdrawn status Lost status Source of classification or shelving scheme Damaged status Not for loan Permanent Location Current Location Shelving location Date acquired Source of acquisition Total Checkouts Full call number Barcode Date last seen Price effective from Koha item type Public note
          AU LIBRARY AU LIBRARY Open Shelf 17.03.2022 DONATION FROM MOI   DS119.7 .S379 1974 28005565 17.03.2022 17.03.2022 Book SM

Powered by Koha